Sex-pol; essays, 1929-1934 = Sex-Pol, Ensayos, 1929-1934 /
Shranjeno v:
| Glavni avtor: | |
|---|---|
| Format: | Neznan |
| Jezik: | English |
| Izdano: |
New York :
Random House,
[1972].
|
| Teme: | |
| Oznake: |
Označite
Brez oznak, prvi označite!
|
MARC
| LEADER | 000000000a22000000004500 | ||
|---|---|---|---|
| 001 | 015332 | ||
| 020 | |a 0394479211 | ||
| 041 | 0 | |a eng | |
| 082 | 0 | 4 | |a 301.41 |b R347s |
| 100 | 1 | |a Reich, Wilhelm, |d 1897-1957 | |
| 245 | 1 | 0 | |a Sex-pol; essays, 1929-1934 = |b Sex-Pol, Ensayos, 1929-1934 / |c Wilhelm Reich. |
| 246 | 3 | 1 | |a Sex-Pol, Ensayos, 1929-1934 |
| 260 | 1 | |a New York : |b Random House, |c [1972]. | |
| 300 | |a xxviii, 378 páginas ; |c 22 cm. | ||
| 650 | 4 | |a SEXO | |
| 650 | 4 | |a PSICOLOGIA SOCIAL | |
| 650 | 4 | |a COMUNISMO Y SOCIEDAD | |
| 500 | |a Colección George Yúdice | ||
| 999 | |c 21187 |d 21187 | ||
| 942 | |c BK |h 301.41 R347s |2 z | ||



